Efektívne využiť možnosti Z vystúpenia člena Sekretariátu a tajomníka ÚV KSČ Josefa Havlína

Bibliographic Details
Main Author: Havlín, Josef, 1924- (Author)
Format: Article
Language:Slovak
Subjects:

MARC

LEADER 00000nab a2200000 a 4500
001 vtls000095191
003 SK-MaSNL
005 20260305042110.0
008 111104c1981 xo 0 slo
015 |a SNBRB19rr/mm-uuuuu 
035 |a CL0105294 
040 |a SNKBUCL  |b slo  |c SNKBUCL  |e AACR2 
041 0 |a slo 
044 |a xo  |c SK 
080 |a 329.15(437.6)  |2 1981 
100 1 |a Havlín, Josef,  |d 1924-  |4 aut  |9 5066 
245 1 0 |a Efektívne využiť možnosti  |b Z vystúpenia člena Sekretariátu a tajomníka ÚV KSČ Josefa Havlína  |c Josef Havlín 
650 0 7 |a KSS KV  |2 snkbucl  |9 1003290 
651 7 |a 5403  |2 snkbucl  |9 893808 
651 7 |a 5400  |2 snkbucl  |9 279426 
651 7 |a Východoslovenský kraj (Slovensko)  |2 snkbucl  |9 161537 
655 7 |a články z novín a časopisov  |2 snkbucl  |9 267496 
773 0 |t Východoslovenské noviny  |g Roč. 30, č. 226 (24. 9. 1981), s. 1-2 
850 |a Slovenská národná knižnica v Martine  |a MTA001 
852 |a SNK  |b KIS3GCP 
958 |a RK 
992 |a RBX 
999 |c 3346513  |d 3348443